OECD small and medium enterprise outlook

Na minha lista:
Detalhes bibliográficos
Formato: Livro
Idioma:inglês
Publicado em: Paris OECD 2002
Assuntos:
Tags: Adicionar Tag
Sem tags, seja o primeiro a adicionar uma tag!

MARC

LEADER 00000nam a2200000 4500
001 c142838
005 20221124094725.2
020 |a 92-64-19955-1 
041 0 |a eng 
044 |a FR 
245 1 0 |a OECD small and medium enterprise outlook 
264 1 |a Paris  |b OECD  |c 2002 
300 |a 248 s. 
610 2 0 |a podnik malý 
610 2 0 |a podnik stredný 
610 2 0 |a svet 
610 2 0 |a OECD 
610 2 0 |a dane 
610 2 0 |a porovnanie medzinárodné 
610 2 0 |a porovnanie štatistické medzinárodné 
610 2 0 |a Rumunsko 
610 2 0 |a údaje štatistické medzinárodné 
610 2 0 |a podnikanie malé 
610 2 0 |a podnikanie stredné 
610 2 0 |a podnikanie